|
|
|
|
| LEADER |
00000nam0a2200000 4500 |
| 001 |
154464 |
| 005 |
20231031151903.0 |
| 035 |
|
|
|a (RuTPU)RU\TPU\book\167545
|
| 090 |
|
|
|a 154464
|
| 100 |
|
|
|a 20090226d1978 d y0rusy50 ca
|
| 101 |
1 |
|
|a rus
|c eng
|
| 102 |
|
|
|a RU
|
| 105 |
|
|
|a a z 000ay
|
| 200 |
1 |
|
|a Лошадиный остров
|e повесть
|f Э. Диллон
|g пер. с англ. М. Литвинова ; худож. Г. Епишин
|
| 210 |
|
|
|a Москва
|c Детская литература
|d 1978
|
| 215 |
|
|
|a 175 с.
|c ил.
|
| 333 |
|
|
|a Исключено из фонда НТБ ТПУ
|
| 700 |
|
1 |
|a Диллон
|b Э.
|g Эйлис
|
| 702 |
|
1 |
|a Литвинова
|b М.
|4 730
|
| 702 |
|
1 |
|a Епишин
|b Г.
|4 440
|
| 801 |
|
1 |
|a RU
|b 63413507
|c 20090226
|g PSBO
|
| 801 |
|
2 |
|a RU
|b 63413507
|c 20161110
|g RCR
|
| 942 |
|
|
|c BK
|